=LDR 00000nam 2200000 4500 =001 INLIS000000000016779 =005 20130612112026 =008 ***********************************Ind** =035 ##$$0010-061300000016779 =041 ##$$a Ind =082 ##$$a 929.92 =090 ##$$a 929.92, Fit b =100 ##$$a Fitriani, Rahmawati =245 ##$$a Bendera, sejarah dan kegunaannya, Rahmawati Fitriani =260 ##$$a 2002 $b Bandung =300 ##$$a v, 26 hlm, ilus, 29 cm =650 ##$$a Bendera =850 ##$$a NBPNMAT